| 000 | 00681nam a2200217Ia 4500 | ||
|---|---|---|---|
| 001 | 15355 | ||
| 003 | GE_BSU | ||
| 008 | 181216s||||||||xx |||||||||||||| ||und|| | ||
| 040 | _cGE_BSU | ||
| 080 | _a821.353.1-4 | ||
| 100 | _aღვინეფაძე,ნანა | ||
| 245 | _aგზადაგზა | ||
| 245 | _cრედ.დ.იუკურიძე. მხატვ.გ.ავსაჯანიშვილი | ||
| 260 | _aთბილისი | ||
| 260 | _bსაბჭოთა საქართველო | ||
| 260 | _c1974 | ||
| 300 | _a149გვ.18სმ. | ||
| 653 | _aგზადაგზა | ||
| 653 | _aნარკვევები | ||
| 942 | _cBK | ||
| 999 |
_c48461 _d48461 |
||